[Event "Large KO, Standard Pace / >1700"]
[Site "SchemingMind.com"]
[Date "2009.07.04"]
[Round "-"]
[White "z"]
[Black "chesshub"]
[Result "0-1"]
[WhiteCountry "IRQ"]
[BlackCountry "FRA"]
[WhiteElo "1832"]
[WhiteRD "83"]
[BlackElo "2482"]
[BlackRD "70"]
[GameID "211136"]

1. e4 c5 2. Nf3 d6 3. d4 cxd4 4. Nxd4 Nf6 5. Nc3 a6 6. a4 Nc6 7. Be2 e5 8. Nb3 Be7 9. O-O O-O 10. Be3 Be6
11. f3 Nb4 12. Qd2 Rc8 13. Rac1 d5 14. exd5 Nfxd5 15. Nxd5 Nxd5 16. Bf2 Nf4 17. Rcd1 Qxd2 18. Rxd2 Bxb3 19. Bd1 Bxa4 20. Be3 Bb5
21. Re1 Rfd8 22. Bxf4 Bc5+ 23. Kh1 exf4 24. Rxd8+ Rxd8
0-1

[Event "Large KO, Standard Pace / >1700"]
[Site "SchemingMind.com"]
[Date "2009.07.04"]
[Round "-"]
[White "chesshub"]
[Black "z"]
[Result "1-0"]
[WhiteCountry "FRA"]
[BlackCountry "IRQ"]
[WhiteElo "2482"]
[WhiteRD "70"]
[BlackElo "1832"]
[BlackRD "83"]
[GameID "211141"]

1. c4 e5 2. Nc3 Bb4 3. Nd5 Bc5 4. Nf3 c6 5. Nc3 d6 6. d4 exd4 7. Nxd4 Nf6 8. Nb3 Bb6 9. Bf4 Bc7 10. Qd2 O-O
11. Rd1 d5 12. Bxc7 Qxc7 13. cxd5 Nxd5 14. Nxd5 cxd5 15. Qxd5 Nc6 16. Qc5 b6 17. Qd6 Qxd6 18. Rxd6 Bb7 19. Rd7 Ba6 20. e3 Bc8
21. Rd6 Nb4 22. a3 Na6 23. Bd3 Bb7 24. Ke2 Rfc8 25. Rd1 Kf8 26. Rd7 Rab8 27. Rxb7
1-0

[Event "Large KO, Standard Pace / >1700"]
[Site "SchemingMind.com"]
[Date "2009.07.10"]
[Round "-"]
[White "The Stonewall"]
[Black "rkttkr"]
[Result "1-0"]
[WhiteCountry "ENG"]
[BlackCountry "ENG"]
[WhiteElo "2343"]
[WhiteRD "92"]
[BlackElo "2121"]
[BlackRD "77"]
[GameID "211897"]

1. d4 d5 2. c4 e5 3. dxe5 d4 4. a3 Nc6 5. e3 a5 6. Nf3 Bc5 7. exd4 Bxd4 8. Be2 Nge7 9. O-O O-O 10. Nc3 Bxc3
11. bxc3 Ng6 12. Bg5 Qxd1 13. Raxd1 h6 14. Be3 Re8 15. Nd4 Rxe5 16. Nxc6 bxc6 17. Rd8+ Kh7 18. Bd3 Rb8 19. h4 h5 20. Bf4 Re7
21. g4 Bf5 22. Bxf5 Rxd8 23. gxh5 Rb8 24. hxg6+ fxg6 25. Bd3 Rd7 26. Be4
1-0

[Event "Large KO, Standard Pace / >1700"]
[Site "SchemingMind.com"]
[Date "2009.07.10"]
[Round "-"]
[White "rkttkr"]
[Black "The Stonewall"]
[Result "1/2-1/2"]
[WhiteCountry "ENG"]
[BlackCountry "ENG"]
[WhiteElo "1994"]
[WhiteRD "76"]
[BlackElo "2325"]
[BlackRD "92"]
[GameID "211902"]

1. e4 c5 2. Nf3 g6 3. c3 Bg7 4. d4 cxd4 5. cxd4 d5 6. exd5 Nf6 7. Bb5+ Nbd7 8. d6 exd6 9. Qe2+ Qe7 10. Bf4 Qxe2+
11. Bxe2 Ke7 12. Nc3 Nb6 13. O-O h6 14. Nb5 Rd8 15. Nc7 Nfd5 16. Nxa8 Nxf4 17. Nxb6 Nxe2+ 18. Kh1 Be6 19. d5 axb6 20. dxe6 fxe6
21. Rad1 Nf4 22. Rd2 Ra8 23. a3 b5 24. Nd4 b4 25. axb4 Ra2 26. g3 Nd5 27. Nxe6 Kxe6 28. Re1+ Be5 29. f4 Nxb4 30. fxe5 dxe5
31. Re3 Nd5 32. Red3 Ra5 33. Re2=
1/2-1/2

[Event "Large KO, Standard Pace / >1700"]
[Site "SchemingMind.com"]
[Date "2009.07.31"]
[Round "-"]
[White "sibelius"]
[Black "waldron"]
[Result "1/2-1/2"]
[WhiteCountry "USA"]
[BlackCountry "USA"]
[WhiteElo "2296"]
[WhiteRD "88"]
[BlackElo "2239"]
[BlackRD "66"]
[GameID "214333"]

1. e4 d6 2. d4 g6 3. Nc3 Bg7 4. Nf3 Nf6 5. Bg5 h6 6. Be3 O-O 7. Be2 Ng4 8. Bd2 e5 9. dxe5 Nxe5 10. Nxe5 dxe5
11. Be3 Be6 12. Qxd8 Rxd8 13. Nd5 Rd7 14. O-O-O f5 15. f3 Nc6 16. Bb5 Rf7 17. Bxc6 bxc6 18. Nb4 a5 19. Nd3 fxe4 20. fxe4 g5
21. h4 Bg4 22. Rde1 gxh4 23. Rxh4 h5 24. Nf2 Bf6 25. Rhh1 Rg7 26. Bh6 Rg6 27. Nxg4 Rxg4 28. Rxh5 Kf7 29. Bd2 Rxg2 30. Rf1 Ke7
31. a4 Bg7 32. Bc3 Ke6 33. Rff5 Rg1+ 34. Kd2 Rd8+ 35. Ke3 Rd7 36. Bxe5 Re1+= 37. Kf2 Rxe4= 38. Bxg7 Rxg7 39. b3 Reg4 40. Ke3 Rg2=
1/2-1/2

[Event "Large KO, Standard Pace / >1700"]
[Site "SchemingMind.com"]
[Date "2009.07.31"]
[Round "-"]
[White "waldron"]
[Black "sibelius"]
[Result "0-1"]
[WhiteCountry "USA"]
[BlackCountry "USA"]
[WhiteElo "2245"]
[WhiteRD "64"]
[BlackElo "2281"]
[BlackRD "84"]
[GameID "214341"]

1. c4 c5 2. g3 e5 3. Bg2 Nf6 4. Nc3 Nc6 5. d3 Be7 6. a3 O-O 7. Nf3 d6 8. Rb1 Bg4 9. O-O a6 10. Be3 h6
11. b4 Rb8 12. Qd2 Re8 13. Nd5 Nxd5 14. cxd5 Nd4 15. bxc5 Bxf3 16. exf3 dxc5 17. f4 exf4 18. Bxd4 cxd4 19. Qxf4 b5 20. Rfe1 Bxa3
21. Rxe8+ Qxe8 22. Qxd4 a5 23. Qc3 Bb4 24. Qc7 Qd8 25. Qxd8+ Rxd8 26. d4 Kf8 27. Kf1 Rb8 28. Ke2 Bc3 29. Kd3 b4 30. Kc4 a4
31. d6 Rc8+ 32. Kb5 a3 33. Bd5 Ke8 34. Rc1 f5 35. Ba2 Kd7 36. Rc2 Kxd6 37. Re2 Rb8+ 38. Kc4 f4 39. gxf4 Rf8 40. Re4 Rf5
41. Kd3 Kd7 42. Be6+ Kd8 43. h3 Rh5 44. Re5 Rh4 45. Ke4 g5 46. Rf5 Ke7 47. Bd5 Bd2 48. Rf7+ Kd6 49. Rf6+ Kc7 50. Rf7+ Kd8
51. Rf8+ Kd7 52. Rf7+ Ke8 53. Ke5 Bxf4+ 54. Ke6= Kd8 55. Rb7 Rxh3 56. Rxb4 Rd3 57. Be4 Rd1 58. Ra4 Ra1 59. Ra6 a2 60. Kf5 h5
61. Ra8+ Kc7 62. Bd5 Rd1 63. Bxa2 Rxd4 64. Rh8 h4
0-1

[Event "Large KO, Standard Pace / >1700"]
[Site "SchemingMind.com"]
[Date "2009.08.25"]
[Round "-"]
[White "acbrasileiro"]
[Black "palszab"]
[Result "0-1"]
[WhiteCountry "BRA"]
[BlackCountry "HUN"]
[WhiteElo "2083"]
[WhiteRD "85"]
[BlackElo "1875"]
[BlackRD "74"]
[GameID "216864"]

1. Nf3 Nf6 2. e3 d5 3. b3 Bg4 4. Be2 e6 5. Bb2 c5 6. O-O Nbd7 7. d4 Rc8 8. c4 dxc4 9. Bxc4 cxd4 10. exd4 Be7
11. Nbd2 O-O= 12. h3 Bh5 13. Be2 Nd5 14. Ne5 Bxe2 15. Qxe2 Nxe5 16. dxe5 Rc2 17. Rab1 Bb4 18. Bc1 Nc3 19. Qc4 Nxb1 20. Qxc2 Nxd2
21. Rd1 Qd5 22. Kh1 Rd8 23. a3 Be7 24. Qxd2 Qxd2 25. Rxd2 Rxd2 26. Bxd2 Bxa3 27. f4 Bc5 28. g4 b6 29. Kg2 a5 30. Kf3 Kf8
31. f5 Ke7 32. Bg5+ f6 33. exf6+ gxf6 34. Bh4 b5 35. Ke4 a4 36. bxa4 bxa4 37. g5 a3 38. gxf6+ Kf7 39. fxe6+ Kxe6 40. Be1 a2
41. Bc3 Bb4 42. Ba1 Bd2
0-1

[Event "Large KO, Standard Pace / >1700"]
[Site "SchemingMind.com"]
[Date "2009.08.23"]
[Round "-"]
[White "emvarela"]
[Black "Robert Pallett"]
[Result "0-1"]
[WhiteCountry "ARG"]
[BlackCountry "ENG"]
[WhiteElo "1793"]
[WhiteRD "85"]
[BlackElo "2250"]
[BlackRD "88"]
[GameID "216865"]

1. e4 c5 2. Nf3 Nc6 3. d4 cxd4 4. Nxd4 Nf6 5. Nxc6 bxc6 6. Nc3 e5 7. Bd3 Bc5 8. Qf3 O-O 9. Be3 Bd4 10. Bxd4 exd4
11. Ne2 Qa5+ 12. c3 dxc3 13. Nxc3 Rb8 14. O-O-O d6 15. h3 Be6 16. Bb1 Nd7 17. Rxd6 Ne5 18. Qg3 Nc4 19. Nd1 Nxd6 20. Qxd6 Rfd8
21. Qg3 Qd2#
0-1

[Event "Large KO, Standard Pace / >1700"]
[Site "SchemingMind.com"]
[Date "2009.08.25"]
[Round "-"]
[White "palszab"]
[Black "acbrasileiro"]
[Result "0-1"]
[WhiteCountry "HUN"]
[BlackCountry "BRA"]
[WhiteElo "1873"]
[WhiteRD "75"]
[BlackElo "2110"]
[BlackRD "80"]
[GameID "216870"]

1. e4 c5 2. Nf3 d6 3. d4 cxd4 4. Nxd4 Nf6 5. Nc3 a6 6. Bg5 e6 7. f4 Be7 8. Qf3 Qb6 9. O-O-O Nc6 10. Nb3 Qc7
11. Qd3 Ng4 12. Qf3 Nf6 13. Qd3 Ng4 14. Qf3 h5 15. h3 Nge5 16. Qg3 h4 17. Bxh4 Bxh4 18. Qxg7 Ng6 19. f5 exf5 20. exf5 Bg5+
21. Kb1 Bxf5 22. Nd5 Qd8 23. Re1+ Nce5 24. g4 Be6 25. Bg2 Bh6 26. Qf6 Qxf6 27. Nxf6+ Ke7 28. Nd5+ Bxd5 29. Bxd5 Rab8 30. Na5 Bd2
0-1

[Event "Large KO, Standard Pace / >1700"]
[Site "SchemingMind.com"]
[Date "2009.08.23"]
[Round "-"]
[White "Robert Pallett"]
[Black "emvarela"]
[Result "1-0"]
[WhiteCountry "ENG"]
[BlackCountry "ARG"]
[WhiteElo "2250"]
[WhiteRD "88"]
[BlackElo "1793"]
[BlackRD "85"]
[GameID "216871"]

1. e4 e5 2. Nf3 Nc6 3. Bc4 Bc5 4. c3 Nf6 5. d3 O-O 6. O-O d5 7. exd5 Nxd5 8. Bg5 f6 9. d4 Bxd4 10. Be3 Bxe3
11. Qxd5+ Qxd5 12. Bxd5+ Kh8 13. fxe3 Ne7 14. Bc4 Nf5 15. Re1 c6 16. Nbd2 b5 17. Bb3 c5 18. Ne4 c4 19. Bc2 Bb7 20. Nc5 Bxf3
21. gxf3 Nh4 22. Kf2 Rfd8 23. Rad1
1-0

[Event "Large KO, Standard Pace / >1700"]
[Site "SchemingMind.com"]
[Date "2009.09.29"]
[Round "-"]
[White "chesshub"]
[Black "reo"]
[Result "1-0"]
[WhiteCountry "FRA"]
[BlackCountry "THA"]
[WhiteElo "2512"]
[WhiteRD "68"]
[BlackElo "1770"]
[BlackRD "79"]
[GameID "221079"]

1. e4 e5 2. Nf3 Nf6 3. Nxe5 d6 4. Nf3 Nxe4 5. d4 d5 6. Bd3 Be7 7. O-O Bf5 8. Re1 Nc6 9. c4 Nb4 10. Bf1 O-O
11. a3 Nc6 12. cxd5 Qxd5 13. Nc3 Nxc3 14. bxc3 Bf6 15. Bf4 Qd7 16. Ra2 Ne7 17. Be5 Qc6 18. Rb2 b6 19. Bb5 Qe6 20. Bxc7 Qc8
21. Bd6 Qxc3 22. Rd2 Qa5 23. Qa4
1-0

[Event "Large KO, Standard Pace / >1700"]
[Site "SchemingMind.com"]
[Date "2009.09.29"]
[Round "-"]
[White "reo"]
[Black "chesshub"]
[Result "0-1"]
[WhiteCountry "THA"]
[BlackCountry "FRA"]
[WhiteElo "1770"]
[WhiteRD "79"]
[BlackElo "2512"]
[BlackRD "68"]
[GameID "221083"]

1. e4 c5 2. Nf3 d6 3. d4 cxd4 4. Nxd4 Nf6 5. Nc3 a6 6. Be2 e5 7. Nb3 Be7 8. O-O O-O 9. Be3 Be6 10. a4 Nbd7
11. Qd2 Rc8 12. a5 Qc7 13. Rfc1 Qc6 14. f3 d5 15. exd5 Bxd5 16. Nxd5 Nxd5 17. c3 Nxe3 18. Qxe3 Nc5 19. c4 Bg5
0-1

[Event "Large KO, Standard Pace / >1700"]
[Site "SchemingMind.com"]
[Date "2009.10.10"]
[Round "-"]
[White "Argeon"]
[Black "baron1"]
[Result "0-1"]
[WhiteCountry "BEL"]
[BlackCountry "ENG"]
[WhiteElo "2043"]
[WhiteRD "85"]
[BlackElo "2414"]
[BlackRD "109"]
[GameID "222565"]

1. d4 d5 2. c4 c6 3. Nd2 Nf6 4. Ngf3 g6 5. g3 Bg7 6. Bg2 O-O 7. O-O a5 8. Ne5 Ng4 9. cxd5 Nxe5 10. dxe5 cxd5
11. Nf3 Nc6 12. Bf4 Bg4 13. Qb3 Bxf3 14. Qxf3 e6 15. Qe3 Qb8 16. Rac1 Bxe5 17. Bxe5 Nxe5 18. Rc2 Ra6 19. Rd1 Rc6 20. Rxc6 bxc6
21. Qc3 a4 22. e3 Rc8 23. Bf1 c5 24. Be2 c4 25. Rd2 Nc6 26. Bd1 Nb4 27. Qa3 Nd3 28. Qc3 Qb7 29. Be2 Nc5 30. Rc2 Rb8
31. Bf1 Qb4 32. Qe5 a3 33. bxa3 Qb1 34. Re2 Rb7 35. Qc3 Ne4 36. Qc2 Qa1 37. f3 Rb1 38. Qxb1 Qxb1 39. fxe4 dxe4 40. Rd2 c3
41. Rd8+ Kg7
0-1

[Event "Large KO, Standard Pace / >1700"]
[Site "SchemingMind.com"]
[Date "2009.10.10"]
[Round "-"]
[White "baron1"]
[Black "Argeon"]
[Result "1-0"]
[WhiteCountry "ENG"]
[BlackCountry "BEL"]
[WhiteElo "2414"]
[WhiteRD "109"]
[BlackElo "2043"]
[BlackRD "85"]
[GameID "222567"]

1. c4 e5 2. Nc3 Nc6 3. g3 d6 4. Bg2 Be6 5. d3 Qd7 6. Rb1 g6 7. b4 Bg7 8. b5 Nd8 9. Nf3 Nf6 10. O-O O-O
11. Ng5 Bf5 12. Be3 c6 13. bxc6 Nxc6 14. Qa4 Rfc8 15. Nd5 Rab8 16. h3 h6 17. Nxf6+ Bxf6 18. Ne4 Bg7 19. g4 Bxe4 20. Bxe4 b6
21. f4 exf4 22. Bxf4 Rc7 23. c5 Bd4+ 24. e3 Bxc5 25. d4 Nxd4 26. Qxd7 Ne2+ 27. Kf2 Rxd7 28. Kxe2 g5 29. Bh2 Re8 30. Bg2 Rxe3+
31. Kd1 d5 32. Rb3 d4 33. Rf5 Re6 34. Bd5 Bd6 35. Bxe6 fxe6 36. Rf2 Bxh2 37. Rxh2 Kf8 38. Rf3+ Ke7 39. Rhf2 Rd5 40. Rf7+ Kd6
41. Rxa7 Rb5 42. Rf6
1-0

[Event "Large KO, Standard Pace / >1700"]
[Site "SchemingMind.com"]
[Date "2009.10.18"]
[Round "-"]
[White "sthorwall"]
[Black "Oskyrain"]
[Result "1/2-1/2"]
[WhiteCountry "USA"]
[BlackCountry "ARG"]
[WhiteElo "2116"]
[WhiteRD "68"]
[BlackElo "2332"]
[BlackRD "105"]
[GameID "223043"]

1. e4 c5 2. Nf3 d6 3. d4 cxd4 4. Nxd4 Nf6 5. Nc3 Nc6 6. Bg5 e6 7. Qd2 a6 8. O-O-O Bd7 9. f4 b5 10. Bxf6 gxf6
11. Kb1 Qb6 12. Nxc6 Bxc6 13. Qe1 Ra7 14. Bd3 b4 15. Ne2 a5 16. f5 e5 17. Qh4 a4 18. Qxf6 Rg8 19. Ng3 Qc5 20. Qh4 a3
21. Rhf1 Qd4 22. c3 bxc3 23. Bc2 Qc5 24. b3 h6 25. Nh5 Rxg2 26. Nf6+ Kd8 27. Nh7+ Ke8 28. Nxf8 Kxf8 29. Qd8+ Be8 30. Qf6 Rd7
31. Rd3 h5 32. Qh4 Rb7 33. Rc1 Rb6 34. Qf6 Bb5 35. Qd8+ Be8 36. Rd5 Qe3 37. Rdd1 Qc5 38. Qf6 Rxh2 39. Qg5 Qf2 40. f6 Rg2
41. Qh6+ Kg8 42. Rf1 Qe2 43. Rg1 Qxc2+ 44. Rxc2 Rxg1+ 45. Rc1 c2+ 46. Ka1 Rg6 47. Qxh5 Rc6 48. Qf3 Kf8 49. b4 Rc4 50. Qxa3 Rxf6
51. Qb3 Rd4 52. Qxc2 Rxb4 53. Rb1 Rxb1+ 54. Kxb1 Ke7 55. a4 Rf4 56. a5 f6 57. a6 Bg6 58. Qc7+ Ke6 59. Qc8+ Ke7 60. Qb7+ Ke6
61. Qc8+ Ke7 62. Qb7+ Ke6 63. Qc8+ Ke7
1/2-1/2

[Event "Large KO, Standard Pace / >1700"]
[Site "SchemingMind.com"]
[Date "2009.10.18"]
[Round "-"]
[White "Oskyrain"]
[Black "sthorwall"]
[Result "1-0"]
[WhiteCountry "ARG"]
[BlackCountry "USA"]
[WhiteElo "2335"]
[WhiteRD "107"]
[BlackElo "2089"]
[BlackRD "68"]
[GameID "223047"]

1. e4 e5 2. Nf3 Nc6 3. Bc4 Nf6 4. d3 Bc5 5. c3 a6 6. O-O d6 7. Bb3 O-O 8. Nbd2 Ba7 9. h3 h6 10. Re1 Nh5
11. Nf1 Qf6 12. Be3 Nf4 13. d4 Ne7 14. N1h2 Nfg6 15. Ng4 Bxg4 16. hxg4 Nf4 17. g3 Ne6 18. Kg2 Rfe8 19. Rh1 exd4 20. cxd4 Qg6
21. g5 Nxg5 22. Bxg5 hxg5 23. Qd2 Qxe4 24. Rae1 Qg4 25. Nxg5 d5 26. Rh4 Qd7 27. Bc2 f6 28. Bh7+ Kf8 29. Ne6+
1-0

[Event "Large KO, Standard Pace / >1700"]
[Site "SchemingMind.com"]
[Date "2009.11.08"]
[Round "-"]
[White "sibelius"]
[Black "The Stonewall"]
[Result "1-0"]
[WhiteCountry "USA"]
[BlackCountry "ENG"]
[WhiteElo "2285"]
[WhiteRD "74"]
[BlackElo "2251"]
[BlackRD "84"]
[GameID "225774"]

1. e4 e6 2. d4 d5 3. Nc3 Bb4 4. e5 c5 5. Bd2 cxd4 6. Nb5 Bc5 7. Qg4 g6 8. b4 Bf8 9. Nxd4 Nc6 10. Nxc6 bxc6
11. Nf3 Nh6 12. Qh3 Nf5 13. Bd3 Qb6 14. O-O Ba6 15. Bxf5 gxf5 16. Rfb1 Be2 17. c3 Bxf3 18. Qxf3 Qb5 19. a4 Qc4 20. Qg3 Kd7
21. b5 Be7 22. Qg7 Raf8 23. Qh6 Rfg8 24. g3 Rg6 25. Qe3 Bc5 26. Qf3 Qe4 27. Qxe4 fxe4 28. Be3 Bxe3 29. fxe3 Kc7 30. bxc6 Kxc6
31. c4 dxc4 32. Rb4 a6 33. Rc1 Kd5 34. Rcxc4 Rg4 35. Rc7 Rg7 36. Kg2 Kxe5 37. Rc5+ Kd6 38. Ra5 Ra8 39. Rxe4 Ra7 40. Rd4+ Kc6
41. Rc4+ Kd6 42. Rd4+ Kc6 43. Re4 Rg8 44. Kf3 Rg6 45. Rc4+ Kd6 46. Rb4 Kc6 47. Rc4+ Kd6 48. e4 Kd7 49. g4 h6 50. h3 Rf6+
51. Kg3 Rf1 52. Rc3 Re1 53. Kf4 Rf1+ 54. Rf3 Ra1 55. Rh5 Rxa4 56. Rxh6 Kd6 57. g5 Rb4 58. Rh8 a5 59. Rd3+ Kc6 60. h4 a4
61. Rc8+ Kb5 62. Ra3 Rd4 63. Rac3 Kb4 64. Rc1 a3 65. h5 Rd2 66. h6 Rh2 67. Kg3 Rh5 68. Rb1+
1-0

[Event "Large KO, Standard Pace / >1700"]
[Site "SchemingMind.com"]
[Date "2009.11.08"]
[Round "-"]
[White "The Stonewall"]
[Black "sibelius"]
[Result "0-1"]
[WhiteCountry "ENG"]
[BlackCountry "USA"]
[WhiteElo "2249"]
[WhiteRD "83"]
[BlackElo "2240"]
[BlackRD "73"]
[GameID "225782"]

1. d4 Nf6 2. c4 e6 3. g3 Nc6 4. Nf3 d5 5. Bg2 Bb4+ 6. Nbd2 O-O 7. O-O a5 8. Qc2 Be7 9. Rd1 Bd7 10. e4 a4
11. a3 Re8 12. e5 Nh5 13. Nf1 g6 14. cxd5 exd5 15. Ne3 Be6 16. Bf1 Ng7 17. Bb5 Nf5 18. Qc3 Nxe3 19. Qxe3 Bd7 20. Qf4 f6
21. Bd3 Rf8 22. Qh6 Rf7 23. Be2 Qc8 24. Re1 Bg4 25. Qe3 Qe6 26. exf6 Qxe3 27. Bxe3 Bxf6 28. Rac1 h5 29. Kg2 Raf8 30. h3 Bf5
31. Red1 Be4 32. Kg1 Bf5 33. Kg2 Be4 34. Kg1 Kh7 35. h4 Kg8 36. Rc3 Kg7 37. Ng5 Bxg5 38. hxg5 Bf3 39. Bxf3 Rxf3 40. Bf4 Rxc3
41. bxc3 Rc8 42. Rb1 b6 43. Rb5 Ne7 44. Rb4 Kf7 45. Rxa4 Ke6 46. Ra6 Nc6 47. Kg2 Kf5 48. Ra7 Nxa7
0-1

[Event "Large KO, Standard Pace / >1700"]
[Site "SchemingMind.com"]
[Date "2009.11.28"]
[Round "-"]
[White "baron1"]
[Black "palszab"]
[Result "1-0"]
[WhiteCountry "ENG"]
[BlackCountry "HUN"]
[WhiteElo "2418"]
[WhiteRD "100"]
[BlackElo "1865"]
[BlackRD "81"]
[GameID "227900"]

1. c4 Nf6 2. d4 d5 3. cxd5 Nxd5 4. e4 Nf6 5. Nc3 Bg4 6. Qb3 b6 7. h3 Bd7 8. Nf3 e6 9. e5 Ng8 10. d5 Bc5
11. Bc4 Qe7 12. Bg5 f6 13. Bh4 g5 14. Bg3 f5 15. O-O h5 16. Nb5 Na6 17. d6 cxd6 18. exd6 Qg7 19. Be5 Nf6 20. Bxe6 g4
21. Bxd7+ Kxd7 22. Nbd4 Rae8 23. Qa4+ Kc8 24. Bxf6
1-0

[Event "Large KO, Standard Pace / >1700"]
[Site "SchemingMind.com"]
[Date "2009.11.28"]
[Round "-"]
[White "palszab"]
[Black "baron1"]
[Result "1/2-1/2"]
[WhiteCountry "HUN"]
[BlackCountry "ENG"]
[WhiteElo "1865"]
[WhiteRD "81"]
[BlackElo "2418"]
[BlackRD "100"]
[GameID "227908"]

1. e4 e5 2. Nf3 Nc6 3. d4 exd4 4. Nxd4 Bc5 5. Be3 Qf6 6. c3 Nge7 7. Bc4 Ne5 8. Be2 Qg6 9. O-O d6 10. f3 O-O
11. Nd2 d5 12. a4 Rd8 13. b4 Bd6 14. Nb5=
1/2-1/2

[Event "Large KO, Standard Pace / >1700"]
[Site "SchemingMind.com"]
[Date "2010.01.31"]
[Round "-"]
[White "Robert Pallett"]
[Black "Oskyrain"]
[Result "1/2-1/2"]
[WhiteCountry "ENG"]
[BlackCountry "ARG"]
[WhiteElo "2277"]
[WhiteRD "90"]
[BlackElo "2328"]
[BlackRD "108"]
[GameID "237064"]

1. e4 e5 2. Nf3 Nc6 3. Bc4 Bc5 4. c3 Nf6 5. d3 d6 6. O-O O-O 7. Bb3 a6 8. Nbd2 Ba7 9. h3 Be6 10. Re1 h6
11. Bxe6 fxe6 12. b4 Nh5 13. a4 Qf6 14. Nf1 Qg6 15. N1h2 Nf4 16. Bxf4 Rxf4 17. Qe2 Raf8 18. a5 Ne7 19. Rad1 Qh5 20. Qf1 Qg6
21. Qe2 h5 22. Rb1 Qe8 23. Qa2 Rxf3 24. Nxf3 Ng6 25. Kh2 Rxf3 26. gxf3 Nh4 27. Rg1 Nxf3+ 28. Kg2 Nxg1 29. Rxg1 c6 30. Kf1 Qf7
31. Qd2 Kh7 32. Rg3 g6 33. Qe2 d5 34. h4 Bb8 35. Rf3 Qe7 36. Qe3 Bd6 37. Ke2 Kg7 38. Qb6 Qd7 39. Rh3 d4 40. c4 Be7
41. Rh1 Kf6 42. Rh3 Kg7 43. Kf3 Qc8 44. Kg2 Kh6 45. Rf3 Kg7 46. Kh3 Kh6 47. Kh2=
1/2-1/2

[Event "Large KO, Standard Pace / >1700"]
[Site "SchemingMind.com"]
[Date "2010.01.30"]
[Round "-"]
[White "Oskyrain"]
[Black "Robert Pallett"]
[Result "1/2-1/2"]
[WhiteCountry "ARG"]
[BlackCountry "ENG"]
[WhiteElo "2328"]
[WhiteRD "108"]
[BlackElo "2277"]
[BlackRD "90"]
[GameID "237077"]

1. e4 c5 2. Nf3 Nc6 3. d4 cxd4 4. Nxd4 e5 5. Nb5 d6 6. c4 Be7 7. N1c3 a6 8. Na3 Be6 9. Nc2 Bg5 10. Be2 Bxc1
11. Rxc1 Nf6 12. O-O O-O 13. Qd2 Qb6 14. Qxd6 Qxb2 15. Qd3 Qb6 16. Nd5 Qc5 17. Nxf6+ gxf6 18. Ne3 Nd4 19. Nd5 f5 20. Ne7+ Kh8
21. Nxf5 Bxf5 22. exf5 Qc6 23. f4 Qc5 24. Kh1 e4 25. Qe3 b6 26. Bg4 Rfe8 27. Rfd1 Rad8 28. Rd2 Nc6 29. Qxc5 bxc5 30. Rxd8 Rxd8
31. f6 Nb4 32. Rb1 Rd6 33. a3 Nc6 34. Re1 Rxf6 35. Rxe4 Kg7 36. g3 Rd6 37. Bc8 Na5 38. a4 Rc6 39. Bg4 Rb6 40. Bh5 Nc6
41. Re8 Rb4 42. Rc8 Ne7 43. Rxc5 Rxa4 44. Rc7 Kf6 45. Kg2 a5 46. Kf3 Rb4 47. Bg4 a4 48. Ke3 a3 49. Ra7 Rxc4 50. Kd3 Rd4+
51. Kc3 Rd6 52. Rxa3 h6 53. Bf3 Nf5 54. Ra5 Rd8 55. Re5 Rd6 56. Be2 Re6 57. Rxe6+ fxe6 58. g4 e5 59. fxe5+=
1/2-1/2

[Event "Large KO, Standard Pace / >1700"]
[Site "SchemingMind.com"]
[Date "2010.03.03"]
[Round "-"]
[White "sibelius"]
[Black "baron1"]
[Result "1/2-1/2"]
[WhiteCountry "USA"]
[BlackCountry "ENG"]
[WhiteElo "2279"]
[WhiteRD "78"]
[BlackElo "2455"]
[BlackRD "91"]
[GameID "240784"]

1. e4 c6 2. d4 d5 3. exd5 cxd5 4. Bd3 Nc6 5. c3 Nf6 6. Bf4 Bg4 7. Qb3 Qc8 8. Nd2 e6 9. Ngf3 Be7 10. O-O Bh5
11. h3 O-O 12. Rfe1 a6 13. Re3 Bg6 14. Bxg6 hxg6 15. Rae1 Qd7 16. Qc2 Rac8 17. Ne5 Nxe5 18. Bxe5 b5 19. a3 a5 20. Bxf6 Bxf6
21. Nb3 b4 22. Nc5 Qc6 23. axb4 axb4 24. Rd1 Rb8 25. Re2 Rfc8 26. Re3 Be7 27. c4 Bxc5 28. cxd5 Qxd5 29. dxc5 Rxc5 30. Qe2 Qc6
31. Red3 Rc2 32. Qg4 Qb6 33. R3d2 b3 34. Qh4 Rf8 35. Qg5 Qa7 36. Qb5 Qb8 37. Qg5 Qb6 38. g3 Re8 39. Qf4 Qa5 40. Rxc2 bxc2
41. Rd7 c1=Q+ 42. Qxc1 Qb4 43. Kh2 Rf8 44. Rc7 Rb8 45. Rc8+ Rxc8 46. Qxc8+ Kh7 47. Qc2 e5 48. b3 Qd4 49. Kg2 Qd5+ 50. Kg1 Qd4
51. Qc4 Qd1+= 52. Kg2 f5 53. b4 e4 54. Qc3 Qd5 55. Kg1 Qa2 56. Qd4 e3 57. Qxe3 Qb1+ 58. Kg2 Qxb4 59. Qd3 Kh6=
1/2-1/2

[Event "Large KO, Standard Pace / >1700"]
[Site "SchemingMind.com"]
[Date "2010.03.04"]
[Round "-"]
[White "baron1"]
[Black "sibelius"]
[Result "1-0"]
[WhiteCountry "ENG"]
[BlackCountry "USA"]
[WhiteElo "2439"]
[WhiteRD "93"]
[BlackElo "2279"]
[BlackRD "75"]
[GameID "240787"]

1. c4 c5 2. Nc3 g6 3. g3 Bg7 4. Bg2 Nc6 5. Nf3 d6 6. O-O Bd7 7. e3 Nf6 8. d4 cxd4 9. exd4 O-O 10. Re1 Re8
11. Bf4 Rc8 12. h3 Qb6 13. Qd2 Nd8 14. b3 Ne6 15. Be3 Qa5 16. Rab1 Nc7 17. a4 Bf5 18. Ra1 Bd7 19. Nb5 Qa6 20. Qb4 Bc6
21. Rad1 Be4 22. Nc3 Bc2 23. Rd2 Bf5 24. g4 Bd7 25. d5 h5 26. g5 Nh7 27. h4 Bg4 28. Nd4 Qb6 29. Qxb6 axb6 30. Ndb5 f6
31. Nxc7 Rxc7 32. Be4 Kf7 33. f3 Bd7 34. Ne2 b5 35. axb5 fxg5 36. hxg5 Ra8 37. Nd4 Bxd4 38. Rxd4 Nf8 39. Bd3 Bf5 40. b6 Rcc8
41. Rf4 Re8 42. Bxf5 gxf5 43. Rxf5+ Kg6 44. Rf4 Ra2 45. c5 Ra5 46. b4 Ra3 47. Bc1 Rd3 48. cxd6 e5 49. dxe6 Rxd6 50. Rf6+
1-0

[Event "Large KO, Standard Pace / >1700"]
[Site "SchemingMind.com"]
[Date "2010.04.18"]
[Round "-"]
[White "chesshub"]
[Black "Oskyrain"]
[Result "1-0"]
[WhiteCountry "FRA"]
[BlackCountry "ARG"]
[WhiteElo "2441"]
[WhiteRD "75"]
[BlackElo "2339"]
[BlackRD "113"]
[GameID "245335"]

1. e4 e5 2. Nf3 Nc6 3. Bb5 a6 4. Ba4 Nf6 5. O-O Be7 6. Re1 b5 7. Bb3 d6 8. c3 O-O 9. h3 Na5 10. Bc2 c5
11. d4 Qc7 12. Nbd2 cxd4 13. cxd4 Nc6 14. Nb3 a5 15. Be3 a4 16. Nbd2 Bd7 17. Rc1 Qb7 18. Qe2 Rfe8 19. a3 exd4 20. Nxd4 Ne5
21. f4 Nc4 22. Nxc4 bxc4 23. e5 g6 24. exf6 Bxf6 25. Qf2 Qxb2 26. Rcd1 Qxa3 27. f5 Bg7 28. Nf3 Qb2 29. Rb1 Qc3 30. fxg6 fxg6
31. Ng5 Qf6 32. Qh4 h6 33. Qxc4+ Kh8 34. Ne4 Qe6 35. Qb4 a3 36. Bd4 Bxd4+ 37. Qxd4+ Qe5 38. Qd2 Kg7 39. Nxd6 Qc5+ 40. Kh2
1-0

[Event "Large KO, Standard Pace / >1700"]
[Site "SchemingMind.com"]
[Date "2010.04.18"]
[Round "-"]
[White "Oskyrain"]
[Black "chesshub"]
[Result "1/2-1/2"]
[WhiteCountry "ARG"]
[BlackCountry "FRA"]
[WhiteElo "2363"]
[WhiteRD "109"]
[BlackElo "2457"]
[BlackRD "71"]
[GameID "245338"]

1. e4 c5 2. Nf3 d6 3. d4 cxd4 4. Nxd4 e6 5. Nc3 Nf6 6. g4 h6 7. h4 Nc6 8. Rg1 d5 9. Bb5 Bd7 10. exd5 Nxd5
11. Nxd5 exd5 12. Be3 Be7 13. Qd2 O-O 14. Nf5 d4 15. Bxh6 Bb4 16. c3 Re8+ 17. Kf1 dxc3 18. bxc3 Bf8 19. Bg5 Qc8 20. Ne3 Be6
21. Rg3 Qc7 22. Nd5 Qe5 23. Rd1 a6 24. Bc4 Qe4 25. Qf4 Qh1+ 26. Rg1 Qh3+ 27. Rg2 Qh1+=
1/2-1/2